[Event "4th GRENKE Open 2019"]
[Site "Karlsruhe"]
[Date "2019.04.19"]
[Round "2.87"]
[White "Aymerich Verdaguer, Eduard"]
[Black "Jerez Perez, Alfonso"]
[Result "1/2-1/2"]
[WhiteElo "2204"]
[BlackElo "2413"]
[Annotator "TA"]
[PlyCount "47"]
[EventDate "2019.04.18"]
[EventType "swiss"]
[EventCountry "GER"]
[SourceTitle "playchess.com"]
[Source "ChessBase"]
[SourceQuality "1"]

1. d4 Nf6 2. c4 g6 3. Nc3 d5 4. Bf4 Bg7 5. e3 O-O 6. Rc1 Be6 7. cxd5 Nxd5 8. Nxd5 Qxd5 9. b3 Na6 10. Nf3 Rac8 11. Qd2 c5 12. Bc4 Qf5 13. Bd3 Qh5 14. O-O cxd4 15. exd4 Rfd8 16. Ng5 Rxc1 17. Rxc1 Bxd4 18. Nxe6 fxe6 19. Qe2 Qxe2 20. Bxe2 Nc5 21. Bc4 Kf7 22. Kf1 a6 23. Rd1 b5 24. Be2 1/2-1/2

[Event "4th GRENKE Open 2019"]
[Site "Karlsruhe"]
[Date "2019.04.19"]
[Round "2.92"]
[White "Menezes, Christoph"]
[Black "Villwock, Martin"]
[Result "1-0"]
[WhiteElo "2399"]
[BlackElo "2194"]
[Annotator "TA"]
[PlyCount "129"]
[EventDate "2019.04.18"]
[EventType "swiss"]
[EventCountry "GER"]
[SourceTitle "playchess.com"]
[Source "ChessBase"]
[SourceQuality "1"]

1. Nf3 c5 2. c4 Nc6 3. Nc3 g6 4. e3 Nf6 5. d4 cxd4 6. exd4 d5 7. cxd5 Nxd5 8. Qb3 e6 9. Bb5 Bg7 10. O-O O-O 11. Bxc6 bxc6 12. Re1 Qc7 13. Na4 Rb8 14. Qc2 Nb4 15. Qd1 Rd8 16. a3 Na6 17. Bg5 f6 18. Bh4 c5 19. Rc1 Bb7 20. Bg3 e5 21. Qe2 Qd7 22. Qc4+ Qd5 23. Qxd5+ Bxd5 24. dxe5 Bh6 25. Rc3 f5 26. Bh4 Re8 27. Bf6 Bf8 28. Nd2 Bc6 29. b3 Bxa4 30. bxa4 Nc7 31. Rc2 Nd5 32. Bh4 Bh6 33. f3 Nf4 34. Bg3 Nd3 35. Rd1 Be3+ 36. Kf1 f4 37. Be1 Nxe5 38. Ne4 Red8 39. Nf6+ Kf7 40. Nd5 Bd4 41. Nxf4 Rb3 42. Ne2 Rxa3 43. a5 Nd3 44. Nxd4 Nxe1 45. Rxc5 Nd3 46. Rc7+ Kf6 47. Nc6 Rd6 48. Nb4 Ke5 49. Nxd3+ Rdxd3 50. Rxd3 Rxd3 51. Re7+ Kf4 52. Rxh7 a6 53. Rf7+ Ke5 54. Ra7 Rd6 55. Rb7 Rd5 56. Rb6 Rxa5 57. Rxg6 Kf4 58. Re6 Ra1+ 59. Kf2 a5 60. h4 a4 61. Re4+ Kf5 62. g4+ Kf6 63. Kg3 a3 64. Kf4 a2 65. g5+ 1-0

[Event "4th GRENKE Open 2019"]
[Site "Karlsruhe"]
[Date "2019.04.19"]
[Round "2.93"]
[White "Hill, Alistair"]
[Black "Saraci, Nderim"]
[Result "1/2-1/2"]
[WhiteElo "2199"]
[BlackElo "2397"]
[Annotator "TA"]
[PlyCount "109"]
[EventDate "2019.04.18"]
[EventType "swiss"]
[EventCountry "GER"]
[SourceTitle "playchess.com"]
[Source "ChessBase"]
[SourceQuality "1"]

1. c4 Nf6 2. g3 g6 3. Bg2 Bg7 4. Nf3 O-O 5. O-O c6 6. b3 Ne4 7. d4 d5 8. Bb2 Bf5 9. Nbd2 Nd7 10. Nh4 Nxd2 11. Qxd2 Be6 12. e4 dxe4 13. Bxe4 Nf6 14. Bg2 Rc8 15. Rfe1 b5 16. Rac1 bxc4 17. bxc4 Ne8 18. Nf3 Nd6 19. Rxe6 fxe6 20. Qe2 Qd7 21. Ng5 Bh6 22. Nxe6 Bxc1 23. Nxf8 Rxf8 24. Bxc1 Nf5 25. d5 c5 26. Bg5 Rf7 27. Qb2 Qd6 28. Be4 Qb6 29. Qe5 Qd6 30. Qb2 h5 31. Bf4 Qb6 32. Qe5 Qd6 33. Qb2 Qb6 34. Qe5 Qf6 35. Qb8+ Rf8 36. Qxa7 g5 37. Bxf5 gxf4 38. Be6+ Kg7 39. Qxc5 f3 40. h4 Qa1+ 41. Kh2 Qf6 42. Qa7 Kg6 43. a4 Qb2 44. Qe3 Kh7 45. c5 Qe2 46. Qd4 Rb8 47. Bf5+ Kg8 48. Bd3 Qe1 49. c6 Rb3 50. Bf5 Rc3 51. Be6+ Kh7 52. Bf5+ Kg8 53. Be6+ Kh7 54. Bf5+ Kg8 55. Be6+ 1/2-1/2

[Event "4th GRENKE Open 2019"]
[Site "Karlsruhe"]
[Date "2019.04.19"]
[Round "2.94"]
[White "Domingo Nunez, Alejandro"]
[Black "Kumala, Aleksander"]
[Result "1-0"]
[WhiteElo "2396"]
[BlackElo "2190"]
[Annotator "TA"]
[PlyCount "171"]
[EventDate "2019.04.18"]
[EventType "swiss"]
[EventCountry "GER"]
[SourceTitle "playchess.com"]
[Source "ChessBase"]
[SourceQuality "1"]

1. e4 e6 2. d4 d5 3. Nd2 a6 4. Ngf3 Nf6 5. e5 Nfd7 6. Bd3 c5 7. c3 Nc6 8. O-O g5 9. Nb3 h6 10. Nxc5 Nxc5 11. dxc5 Bxc5 12. Qe2 f5 13. Nd2 Qc7 14. Nb3 Ba7 15. Re1 Qg7 16. Be3 Bxe3 17. Qxe3 O-O 18. f4 gxf4 19. Qxf4 Qg5 20. g3 Qxf4 21. gxf4 Kf7 22. Kf2 b6 23. a4 Rg8 24. Be2 Bb7 25. Red1 Ke7 26. a5 Nxa5 27. Nxa5 bxa5 28. Rd4 Bc6 29. Rxa5 Rgb8 30. Rb4 Rxb4 31. cxb4 Bb7 32. Ke3 Kd7 33. Kd4 Kc6 34. Ra3 Rg8 35. Bxa6 Rg4 36. Bxb7+ Kxb7 37. Kc5 Rxf4 38. Rh3 d4 39. Kd6 Re4 40. Kxe6 Re3 41. Rh4 Re4 42. Rh3 Re3 43. Rxh6 f4 44. Rh4 Re4 45. Rh7+ Kc8 46. Kd6 d3 47. Rc7+ Kd8 48. Rc1 Rxb4 49. e6 Rb6+ 50. Ke5 Rxb2 51. Kf6 Rxh2 52. e7+ Kd7 53. Rc7+ Kxc7 54. e8=Q d2 55. Qe5+ Kc6 56. Qc3+ Kd5 57. Qd3+ Kc5 58. Ke5 Rh5+ 59. Ke4 Rh2 60. Kxf4 Rh4+ 61. Ke5 Rh5+ 62. Ke6 Rh6+ 63. Kd7 Rh4 64. Qc3+ Rc4 65. Qa5+ Kd4 66. Qxd2+ Ke5 67. Qd6+ Ke4 68. Ke6 Rd4 69. Qc6+ Kf4 70. Qc3 Re4+ 71. Kf6 Re3 72. Qd4+ Kf3 73. Kf5 Re2 74. Qd3+ Kf2 75. Kf4 Re1 76. Qd2+ Re2 77. Qd4+ Kg2 78. Kg4 Rf2 79. Qe4+ Kh2 80. Qe3 Rg2+ 81. Kh4 Kh1 82. Qe1+ Kh2 83. Qe5+ Kh1 84. Kh3 Rg5 85. Qe4+ Kg1 86. Qe1# 1-0

[Event "4th GRENKE Open 2019"]
[Site "Karlsruhe"]
[Date "2019.04.19"]
[Round "2.95"]
[White "Schmidek, Emil"]
[Black "Pavlidou, Ekaterini"]
[Result "1-0"]
[WhiteElo "2393"]
[BlackElo "2189"]
[Annotator "TA"]
[PlyCount "93"]
[EventDate "2019.04.18"]
[EventType "swiss"]
[EventCountry "GER"]
[SourceTitle "playchess.com"]
[Source "ChessBase"]
[SourceQuality "1"]

1. e4 c5 2. Nf3 Nc6 3. d4 cxd4 4. Nxd4 e6 5. Nc3 Qc7 6. Nb3 Nf6 7. Bd3 d6 8. O-O Be7 9. f4 a6 10. Qf3 O-O 11. Bd2 Rd8 12. Rae1 Nd7 13. Qh3 Nf8 14. g4 b5 15. g5 b4 16. Ne2 d5 17. e5 g6 18. Be3 d4 19. Bf2 Bb7 20. Ng3 Na5 21. Nd2 Nd7 22. Nde4 Qc6 23. Bxd4 Nc5 24. Bxc5 Bxc5+ 25. Nxc5 Qxc5+ 26. Rf2 Rd4 27. Be4 Nc6 28. Qh6 Qf8 29. Qxf8+ Kxf8 30. Rfe2 Rad8 31. Kf2 Ke7 32. Ke3 R8d7 33. Rc1 Na5 34. b3 Rd1 35. Rxd1 Rxd1 36. Bxb7 Nxb7 37. Ne4 Rc1 38. Kd4 Ra1 39. c3 bxc3 40. Kxc3 Rf1 41. Rf2 Rd1 42. Rd2 Rf1 43. Nf6 Rc1+ 44. Kb4 Rc7 45. Nxh7 Nd8 46. Ka5 Nc6+ 47. Kb6 1-0

[Event "4th GRENKE Open 2019"]
[Site "Karlsruhe"]
[Date "2019.04.19"]
[Round "2.96"]
[White "Pahud, Cedric"]
[Black "Hacker, Jonas"]
[Result "1/2-1/2"]
[WhiteElo "2194"]
[BlackElo "2392"]
[Annotator "TA"]
[PlyCount "64"]
[EventDate "2019.04.18"]
[EventType "swiss"]
[EventCountry "GER"]
[SourceTitle "playchess.com"]
[Source "ChessBase"]
[SourceQuality "1"]

1. e4 e5 2. Nf3 Nc6 3. Nc3 Nf6 4. d4 exd4 5. Nxd4 Bb4 6. Nxc6 bxc6 7. Bd3 d5 8. exd5 cxd5 9. O-O O-O 10. h3 Rb8 11. Qf3 c6 12. Bg5 Bd6 13. b3 Be5 14. Bf4 Bxc3 15. Bxb8 Bxa1 16. Rxa1 Bg4 17. hxg4 Qxb8 18. Re1 h6 19. Qf5 Re8 20. Rxe8+ Qxe8 21. Kf1 Qd8 22. b4 Kf8 23. a3 Qc7 24. g3 c5 25. bxc5 Qxc5 26. a4 Qc3 27. Qf4 Qc8 28. a5 Qc5 29. Qb8+ Ke7 30. Qb7+ Kf8 31. Qb8+ Ke7 32. Qb7+ Kf8 1/2-1/2

[Event "4th GRENKE Open 2019"]
[Site "Karlsruhe"]
[Date "2019.04.19"]
[Round "2.97"]
[White "Wenninger, Philipp"]
[Black "Gehmlich, Marcel"]
[Result "1/2-1/2"]
[WhiteElo "2391"]
[BlackElo "2189"]
[Annotator "TA"]
[PlyCount "85"]
[EventDate "2019.04.18"]
[EventType "swiss"]
[EventCountry "GER"]
[SourceTitle "playchess.com"]
[Source "ChessBase"]
[SourceQuality "1"]

1. d4 Nf6 2. Nf3 e6 3. c4 Bb4+ 4. Bd2 Qe7 5. g3 O-O 6. Bg2 Bxd2+ 7. Nbxd2 d6 8. O-O a5 9. Qc2 e5 10. e4 Bg4 11. Rfe1 c5 12. d5 a4 13. Reb1 Bd7 14. Ne1 Na6 15. Nd3 b5 16. b3 axb3 17. axb3 b4 18. Ra5 Nc7 19. Rba1 Rxa5 20. Rxa5 Ra8 21. Rxa8+ Nxa8 22. f4 exf4 23. gxf4 Ng4 24. Nf1 Nc7 25. h3 Nh6 26. Qa2 Ne8 27. Qa7 Kf8 28. Nd2 f6 29. Qa1 Bc8 30. Kh2 Nf7 31. Qa8 Bd7 32. Qa1 Bc8 33. Kh1 Bd7 34. Qe1 g5 35. fxg5 Nxg5 36. Kh2 Ng7 37. Qf2 Nf7 38. Qh4 Ne5 39. Nf4 Ng6 40. Nxg6+ hxg6 41. Nf3 Kg8 42. Kg1 g5 43. Qe1 1/2-1/2

[Event "4th GRENKE Open 2019"]
[Site "Karlsruhe"]
[Date "2019.04.19"]
[Round "2.98"]
[White "Ondersteijn, Niels"]
[Black "Schlichtmann, Robin"]
[Result "1-0"]
[WhiteElo "2390"]
[BlackElo "2186"]
[Annotator "TA"]
[PlyCount "41"]
[EventDate "2019.04.18"]
[EventType "swiss"]
[EventCountry "GER"]
[SourceTitle "playchess.com"]
[Source "ChessBase"]
[SourceQuality "1"]

1. c4 Nf6 2. g3 g6 3. Bg2 d5 4. cxd5 Nxd5 5. Nc3 Nb6 6. d3 Bg7 7. Be3 Nc6 8. Bxc6+ bxc6 9. Qd2 Bb7 10. Nf3 O-O 11. O-O Rb8 12. Rac1 c5 13. b3 Bxf3 14. exf3 Bd4 15. Kg2 Nd5 16. Bxd4 cxd4 17. Nxd5 Qxd5 18. Rxc7 Rb7 19. Rfc1 Kg7 20. Qe2 e6 21. Rxb7 1-0

[Event "4th GRENKE Open 2019"]
[Site "Karlsruhe"]
[Date "2019.04.19"]
[Round "2.99"]
[White "Zolfagharian, Kevin"]
[Black "Keinanen, Toivo"]
[Result "1-0"]
[WhiteElo "2192"]
[BlackElo "2390"]
[Annotator "TA"]
[PlyCount "61"]
[EventDate "2019.04.18"]
[EventType "swiss"]
[EventCountry "GER"]
[SourceTitle "playchess.com"]
[Source "ChessBase"]
[SourceQuality "1"]

1. e4 e6 2. Nf3 d5 3. Nc3 Nf6 4. e5 Nfd7 5. d4 c5 6. Bg5 Qb6 7. dxc5 Bxc5 8. Qd2 Nc6 9. O-O-O Qa5 10. Kb1 a6 11. Bh4 h6 12. Bg3 b5 13. Qf4 Nb6 14. Nd2 Nc4 15. Nb3 Qb6 16. Bxc4 dxc4 17. Nxc5 Qxc5 18. Ne4 Qe7 19. Rd6 Bb7 20. Qg4 Nb4 21. Bh4 g5 22. Nf6+ Kf8 23. Rd7 gxh4 24. Rxe7 Kxe7 25. Qd4 Nd5 26. Qc5+ Kd8 27. Qd6+ Kc8 28. Nd7 Rd8 29. Nb6+ Nxb6 30. Qc5+ Kd7 31. Qxb6 1-0

[Event "4th GRENKE Open 2019"]
[Site "Karlsruhe"]
[Date "2019.04.19"]
[Round "2.100"]
[White "Praczukowski, Stanislaw"]
[Black "Bronstein, Or"]
[Result "0-1"]
[WhiteElo "2190"]
[BlackElo "2387"]
[Annotator "TA"]
[PlyCount "48"]
[EventDate "2019.04.18"]
[EventType "swiss"]
[EventCountry "GER"]
[SourceTitle "playchess.com"]
[Source "ChessBase"]
[SourceQuality "1"]

1. d4 Nf6 2. c4 e6 3. g3 c5 4. d5 exd5 5. cxd5 d6 6. Nc3 g6 7. Bg2 Bg7 8. Nf3 O-O 9. O-O Re8 10. Re1 Ne4 11. Nxe4 Rxe4 12. Qc2 Re8 13. e4 Bg4 14. Nd2 Na6 15. h3 Bc8 16. Nf3 b5 17. a4 Nb4 18. Qb3 bxa4 19. Rxa4 a5 20. Bf4 Bd7 21. Raa1 a4 22. Qc4 Qb6 23. Be3 Bxb2 24. Rab1 a3 0-1

[Event "4th GRENKE Open 2019"]
[Site "Karlsruhe"]
[Date "2019.04.19"]
[Round "2.101"]
[White "Goumas, Georgios"]
[Black "Boev, Viktor"]
[Result "0-1"]
[WhiteElo "2386"]
[BlackElo "2182"]
[Annotator "TA"]
[PlyCount "74"]
[EventDate "2019.04.18"]
[EventType "swiss"]
[EventCountry "GER"]
[SourceTitle "playchess.com"]
[Source "ChessBase"]
[SourceQuality "1"]

1. e4 e5 2. Nf3 Nc6 3. Bb5 a6 4. Ba4 Nf6 5. O-O Be7 6. Re1 b5 7. Bb3 O-O 8. c3 d6 9. h3 Bb7 10. d4 Nd7 11. Nbd2 exd4 12. cxd4 Bf6 13. Nf1 Na5 14. Bc2 Re8 15. Ng3 g6 16. Rb1 c5 17. d5 Nc4 18. b3 Ncb6 19. Bd2 a5 20. Nh2 b4 21. Ng4 Bg7 22. f4 a4 23. f5 axb3 24. axb3 Qh4 25. Nf1 Ne5 26. Nfh2 Nbd7 27. Qc1 Nxg4 28. Nxg4 gxf5 29. Ne3 Bd4 30. Kh1 Bxe3 31. Bxe3 Ra2 32. Bg5 Qf2 33. Bh6 f6 34. Bd2 fxe4 35. Qd1 Ne5 36. Rxe4 Rxc2 37. Re2 Qf5 0-1

[Event "4th GRENKE Open 2019"]
[Site "Karlsruhe"]
[Date "2019.04.19"]
[Round "2.102"]
[White "Kosakowski, Jakub"]
[Black "Terhuven, Patrick"]
[Result "1-0"]
[WhiteElo "2381"]
[BlackElo "2182"]
[Annotator "TA"]
[PlyCount "67"]
[EventDate "2019.04.18"]
[EventType "swiss"]
[EventCountry "GER"]
[SourceTitle "playchess.com"]
[Source "ChessBase"]
[SourceQuality "1"]

1. e4 c5 2. Nf3 g6 3. d4 cxd4 4. Qxd4 Nf6 5. Nc3 Nc6 6. Qa4 d6 7. e5 dxe5 8. Nxe5 Bd7 9. Nxd7 Nxd7 10. Be3 Bg7 11. Rd1 Bxc3+ 12. bxc3 O-O 13. h4 Nb6 14. Qe4 Qc7 15. h5 Qe5 16. Qxe5 Nxe5 17. hxg6 hxg6 18. Rd4 f6 19. Rdh4 Kf7 20. f4 Nec4 21. Bc5 Rg8 22. Be2 Nd6 23. Bf3 Ke6 24. Kf2 Rac8 25. Re1+ Kd7 26. Bxb6 axb6 27. Bd5 Rh8 28. Be6+ Kc7 29. Rg4 Rcd8 30. Rxg6 Nb5 31. Bc4 Nxc3 32. Rxe7+ Kb8 33. Rgg7 Rd2+ 34. Kf3 1-0

[Event "4th GRENKE Open 2019"]
[Site "Karlsruhe"]
[Date "2019.04.19"]
[Round "2.103"]
[White "Georgescu, Lena"]
[Black "Grigorian, Spartak"]
[Result "0-1"]
[WhiteElo "2189"]
[BlackElo "2384"]
[Annotator "RC"]
[PlyCount "54"]
[EventDate "2019.04.18"]
[EventType "swiss"]
[EventCountry "GER"]
[SourceTitle "playchess.com"]
[Source "ChessBase"]
[SourceQuality "1"]

1. e4 c5 2. Nf3 d6 3. d4 cxd4 4. Nxd4 Nf6 5. Nc3 Nc6 6. Bg5 e6 7. Qd2 Qb6 8. Bxf6 gxf6 9. Nb3 a6 10. O-O-O Bd7 11. f4 O-O-O 12. Be2 h5 13. Rhf1 Na5 14. Nxa5 Qxa5 15. Rf3 Rg8 16. Bf1 f5 17. exf5 Qxf5 18. Qd4 Bc6 19. Rf2 Bg7 20. Qb6 Qc5 21. Qxc5 dxc5 22. Rxd8+ Kxd8 23. Bd3 Bd4 24. Re2 Rxg2 25. Rxg2 Bxg2 26. Kd2 h4 27. b3 Bg1 0-1

[Event "4th GRENKE Open 2019"]
[Site "Karlsruhe"]
[Date "2019.04.19"]
[Round "2.104"]
[White "Kardoeus, David"]
[Black "Gschnitzer, Adrian"]
[Result "1/2-1/2"]
[WhiteElo "2189"]
[BlackElo "2380"]
[Annotator "TA"]
[PlyCount "37"]
[EventDate "2019.04.18"]
[EventType "swiss"]
[EventCountry "GER"]
[SourceTitle "playchess.com"]
[Source "ChessBase"]
[SourceQuality "1"]

1. e4 c5 2. Nf3 d6 3. d4 cxd4 4. Nxd4 Nf6 5. Nc3 a6 6. Bg5 e6 7. f4 h6 8. Bh4 Qb6 9. Bxf6 gxf6 10. Qd2 Qxb2 11. Nb3 Qa3 12. Be2 h5 13. O-O Nc6 14. Rad1 Bd7 15. Qe3 Be7 16. Rd2 Rc8 17. Nb1 Qa4 18. Nc3 Qa3 19. Nb1 1/2-1/2

[Event "4th GRENKE Open 2019"]
[Site "Karlsruhe"]
[Date "2019.04.19"]
[Round "2.105"]
[White "Lye, Lik Zang"]
[Black "Schulze, Marc"]
[Result "0-1"]
[WhiteElo "2377"]
[BlackElo "2181"]
[Annotator "TA"]
[PlyCount "65"]
[EventDate "2019.04.18"]
[EventType "swiss"]
[EventCountry "GER"]
[SourceTitle "playchess.com"]
[Source "ChessBase"]
[SourceQuality "1"]

1. d4 Nf6 2. Nf3 d6 3. g3 Bf5 4. Bg2 c6 5. O-O h6 6. c4 Nbd7 7. Nc3 e5 8. Nh4 Bh7 9. e4 Be7 10. Nf5 O-O 11. Be3 Re8 12. d5 Nc5 13. Qf3 Bg6 14. g4 cxd5 15. cxd5 Rc8 16. Rfd1 Bxf5 17. Qxf5 Nh7 18. Qf3 Bg5 19. Rab1 Bxe3 20. Qxe3 Qd7 21. Qg3 Nf8 22. g5 Qe7 23. gxh6 Ng6 24. Bh3 Rcd8 25. Bf5 Qf6 26. b4 Na6 27. hxg7 Kxg7 28. Rd3 Rh8 29. Rf3 Qh4 30. Nb5 Rh5 31. Qxh4 Nxh4 32. Rg3+ Kf6 33. Bg4 0-1

[Event "4th GRENKE Open 2019"]
[Site "Karlsruhe"]
[Date "2019.04.19"]
[Round "2.106"]
[White "Wiechert, Hans"]
[Black "Colpe, Malte"]
[Result "0-1"]
[WhiteElo "2187"]
[BlackElo "2374"]
[Annotator "TA"]
[PlyCount "76"]
[EventDate "2019.04.18"]
[EventType "swiss"]
[EventCountry "GER"]
[SourceTitle "playchess.com"]
[Source "ChessBase"]
[SourceQuality "1"]

1. d4 d5 2. c4 e6 3. Nc3 Bb4 4. cxd5 exd5 5. Bf4 c6 6. Qb3 Bd6 7. Bxd6 Qxd6 8. e3 Nf6 9. Bd3 O-O 10. Nge2 Re8 11. Qc2 Nbd7 12. h3 g6 13. O-O Nf8 14. Rab1 Ne6 15. b4 Bd7 16. b5 c5 17. dxc5 Nxc5 18. Rbd1 Rac8 19. Qd2 Qe5 20. Bb1 Nce4 21. Bxe4 dxe4 22. Qb2 Rc5 23. Qa3 Rec8 24. Qxa7 Rxc3 25. Nxc3 Rxc3 26. Qxb7 Bxb5 27. Rd8+ Kg7 28. Rb1 Bd3 29. Qb4 Rc5 30. Re1 g5 31. Qd4 Qe7 32. Ra8 Rc4 33. Qb6 Qd7 34. Qb8 Rc2 35. Qe5 h6 36. Rb8 Qa7 37. Rd8 Qxa2 38. Qg3 Qa5 0-1

[Event "4th GRENKE Open 2019"]
[Site "Karlsruhe"]
[Date "2019.04.19"]
[Round "2.109"]
[White "Lenaerts, Lennert"]
[Black "Keller, Peter"]
[Result "1/2-1/2"]
[WhiteElo "2370"]
[BlackElo "2178"]
[Annotator "TA"]
[PlyCount "115"]
[EventDate "2019.04.18"]
[EventType "swiss"]
[EventCountry "GER"]
[SourceTitle "playchess.com"]
[Source "ChessBase"]
[SourceQuality "1"]

1. d4 Nf6 2. c4 g6 3. Nc3 Bg7 4. e4 d6 5. h3 O-O 6. Be3 e5 7. d5 Na6 8. Nf3 Nc5 9. Qc2 a5 10. Be2 Ne8 11. g4 f5 12. gxf5 gxf5 13. O-O-O Kh8 14. Kb1 f4 15. Bxc5 dxc5 16. Rdg1 Bf6 17. a4 Nd6 18. Nd2 Bh4 19. Nd1 Qe7 20. Bg4 Rg8 21. Nf3 Bf6 22. b3 b6 23. Nc3 Bd7 24. Qd1 Be8 25. Nd2 Bh4 26. Rh2 Bf7 27. Rhg2 Rg5 28. Nf3 Rg7 29. Be6 Rxg2 30. Rxg2 Bh5 31. Bg4 Bg6 32. Nd2 Rg8 33. Kb2 Bf7 34. Qg1 Rg7 35. Nb5 Bg6 36. Nc3 Bf7 37. Kc2 Bg6 38. Kd3 Qf8 39. Nf3 Bf6 40. Be6 Qe7 41. Rg4 Bh5 42. Rxg7 Qxg7 43. Qxg7+ Kxg7 44. Bg4 Bg6 45. Nd2 Bh4 46. Ke2 Be7 47. Bf3 Bh4 48. Nb5 Nxb5 49. cxb5 Be7 50. Bg4 Kf7 51. Kf3 Kg7 52. Bc8 Bh5+ 53. Bg4 Bg6 54. Nc4 Bd6 55. Bf5 Bh5+ 56. Bg4 Bg6 57. Bf5 Bh5+ 58. Bg4 1/2-1/2

[Event "4th GRENKE Open 2019"]
[Site "Karlsruhe"]
[Date "2019.04.19"]
[Round "2.110"]
[White "Kramer, Julian"]
[Black "Pubantz, Jan"]
[Result "1-0"]
[WhiteElo "2369"]
[BlackElo "2177"]
[Annotator "TA"]
[PlyCount "82"]
[EventDate "2019.04.18"]
[EventType "swiss"]
[EventCountry "GER"]
[SourceTitle "playchess.com"]
[Source "ChessBase"]
[SourceQuality "1"]

1. e4 c6 2. Nc3 d5 3. Nf3 Bg4 4. h3 Bxf3 5. Qxf3 e6 6. d4 Nf6 7. Bg5 Be7 8. e5 Nfd7 9. Bxe7 Qxe7 10. Qg3 O-O 11. f4 c5 12. dxc5 Nc6 13. O-O-O Rac8 14. Nb5 Qxc5 15. c3 a6 16. Nd6 Rc7 17. Kb1 f6 18. Qg4 Nd8 19. Qg3 fxe5 20. fxe5 Qf2 21. Qg5 Qf4 22. Qxf4 Rxf4 23. c4 Nxe5 24. cxd5 Rd7 25. g3 Rf3 26. dxe6 Nxe6 27. Bg2 Rxg3 28. Bxb7 Nf4 29. Bxa6 Rg6 30. Nc4 Rxd1+ 31. Rxd1 Nxc4 32. Bxc4+ Kf8 33. Rf1 Rf6 34. a4 Ke7 35. a5 Kd6 36. a6 Kc7 37. Re1 Kb6 38. Re7 Nxh3 39. Rb7+ Kc5 40. a7 Rf8 41. Rb8 Rh8 1-0

[Event "4th GRENKE Open 2019"]
[Site "Karlsruhe"]
[Date "2019.04.19"]
[Round "2.111"]
[White "Xiong, Ferdinand"]
[Black "Petrov, Vladimir Sergeev"]
[Result "0-1"]
[WhiteElo "2181"]
[BlackElo "2368"]
[Annotator "TA"]
[PlyCount "50"]
[EventDate "2019.04.18"]
[EventType "swiss"]
[EventCountry "GER"]
[SourceTitle "playchess.com"]
[Source "ChessBase"]
[SourceQuality "1"]

1. Nf3 Nf6 2. c4 c5 3. Nc3 Nc6 4. g3 d5 5. d4 cxd4 6. Nxd4 e5 7. Nxc6 bxc6 8. Bg2 Rb8 9. Bg5 Rxb2 10. O-O Qa5 11. Qc1 Rb4 12. Bxf6 gxf6 13. Bxd5 cxd5 14. Nxd5 Rb6 15. Nxb6 axb6 16. Rd1 h5 17. Qe3 Qc5 18. Qf3 Be7 19. h4 Rg8 20. Rd3 Rg4 21. Rb3 e4 22. Qc3 Bd6 23. Rb5 Qc7 24. Qxf6 Bxg3 25. f3 Be5+ 0-1

[Event "4th GRENKE Open 2019"]
[Site "Karlsruhe"]
[Date "2019.04.19"]
[Round "2.112"]
[White "Farago, Ivan"]
[Black "Wendler, David"]
[Result "1-0"]
[WhiteElo "2367"]
[BlackElo "2175"]
[Annotator "TA"]
[PlyCount "103"]
[EventDate "2019.04.18"]
[EventType "swiss"]
[EventCountry "GER"]
[SourceTitle "playchess.com"]
[Source "ChessBase"]
[SourceQuality "1"]

1. d4 Nf6 2. c4 c5 3. d5 b5 4. cxb5 a6 5. e3 g6 6. Nc3 Bg7 7. a4 O-O 8. Nf3 Bb7 9. Be2 axb5 10. Bxb5 e6 11. e4 exd5 12. exd5 Re8+ 13. Be3 Ng4 14. O-O Rxe3 15. fxe3 Nxe3 16. Qd2 Nxf1 17. Rxf1 Na6 18. Kh1 Nc7 19. Bc4 Bxc3 20. Qxc3 d6 21. Nd2 Qe7 22. Qb3 Bc8 23. Qd1 Bf5 24. b3 Na6 25. Re1 Qf6 26. g4 Bd7 27. Ne4 Qf4 28. g5 Kg7 29. Qa1+ Qe5 30. Qxe5+ dxe5 31. Bxa6 Rxa6 32. Nxc5 Rd6 33. Rxe5 Rxd5 34. Rxd5 Bc6 35. b4 Bxd5+ 36. Kg1 Kf8 37. Kf2 Ke7 38. Ke3 Kd6 39. Kd4 Bg2 40. Ne4+ Kc6 41. Nf6 Bf3 42. Nxh7 Bd1 43. a5 Kb5 44. Nf6 Bf3 45. Nd5 Bh1 46. Ke5 Kc4 47. Nc7 Kxb4 48. a6 Kc5 49. a7 Kb6 50. a8=Q Bxa8 51. Nxa8+ Kb7 52. Kf6 1-0

[Event "4th GRENKE Open 2019"]
[Site "Karlsruhe"]
[Date "2019.04.19"]
[Round "2.113"]
[White "Shvayger, Yuliya"]
[Black "Koellner, Aaron Noah"]
[Result "1/2-1/2"]
[WhiteElo "2366"]
[BlackElo "2174"]
[Annotator "RC"]
[PlyCount "106"]
[EventDate "2019.04.18"]
[EventType "swiss"]
[EventCountry "GER"]
[SourceTitle "playchess.com"]
[Source "ChessBase"]
[SourceQuality "1"]

1. e4 c5 2. Nf3 e6 3. d4 cxd4 4. Nxd4 Nc6 5. Nc3 Qc7 6. Be3 a6 7. a3 b5 8. Nxc6 Qxc6 9. Bd3 Bb7 10. O-O Nf6 11. Bd4 Bc5 12. Bxc5 Qxc5 13. Qf3 Qc7 14. Qh3 h5 15. Rae1 Ng4 16. Qg3 Qxg3 17. hxg3 Ne5 18. f4 Nc4 19. Bxc4 bxc4 20. Kf2 Ke7 21. Rh1 Bc6 22. Ke3 Rab8 23. Rb1 g6 24. Kd4 Rhc8 25. Rh4 Rb6 26. Rhh1 Ba8 27. Rhe1 Rd6+ 28. Ke3 Rb8 29. Nd1 f5 30. e5 Rdb6 31. Re2 d6 32. Kd4 dxe5+ 33. Rxe5 Rd6+ 34. Kc3 Rbd8 35. Ne3 Rd2 36. Re1 Be4 37. Rc5 Bxc2 38. Nxc4 R8d3+ 39. Kb4 Rd1 40. Ree5 Rxg3 41. Rc6 Rb3+ 42. Ka5 Rd5+ 43. Kxa6 Rxe5 44. Nxe5 Rxb2 45. Nxg6+ Kf7 46. Ne5+ Ke7 47. Rc7+ Kd6 48. Rc3 Kd5 49. g3 Kd4 50. Rc4+ Ke3 51. Rc3+ Kd4 52. Rc4+ Ke3 53. Rc3+ Kd4 1/2-1/2

[Event "4th GRENKE Open 2019"]
[Site "Karlsruhe"]
[Date "2019.04.19"]
[Round "2.114"]
[White "Tscharotschkin, Michael"]
[Black "Gatineau, Yovann"]
[Result "1-0"]
[WhiteElo "2179"]
[BlackElo "2366"]
[Annotator "TA"]
[PlyCount "53"]
[EventDate "2019.04.18"]
[EventType "swiss"]
[EventCountry "GER"]
[SourceTitle "playchess.com"]
[Source "ChessBase"]
[SourceQuality "1"]

1. e4 c5 2. c3 Nf6 3. e5 Nd5 4. d4 cxd4 5. cxd4 e6 6. Nf3 b6 7. Nc3 Nxc3 8. bxc3 Bb7 9. Bd3 d6 10. O-O Nd7 11. Ng5 dxe5 12. Nxe6 fxe6 13. Qh5+ Ke7 14. Ba3+ Kf6 15. Bc1 g6 16. Bxg6 hxg6 17. Qxh8+ Bg7 18. Bg5+ Kxg5 19. Qxg7 Bc6 20. dxe5 Qg8 21. f4+ Kh5 22. g4+ Kxg4 23. Qh6 g5 24. Rae1 Bf3 25. Re3 gxf4 26. Rexf3 Qg5 27. Qh3# 1-0

[Event "4th GRENKE Open 2019"]
[Site "Karlsruhe"]
[Date "2019.04.19"]
[Round "2.115"]
[White "Nothnagel, Marian Can"]
[Black "Henrich, Thomas"]
[Result "1/2-1/2"]
[WhiteElo "2363"]
[BlackElo "2170"]
[Annotator "TA"]
[PlyCount "76"]
[EventDate "2019.04.18"]
[EventType "swiss"]
[EventCountry "GER"]
[SourceTitle "playchess.com"]
[Source "ChessBase"]
[SourceQuality "1"]

1. e4 e6 2. d3 c5 3. Nf3 b6 4. g3 Bb7 5. Bg2 d6 6. O-O Nf6 7. Nbd2 Be7 8. c3 O-O 9. Re1 Nbd7 10. b3 Re8 11. Bb2 Bf8 12. Qb1 Qc7 13. a3 e5 14. d4 a6 15. d5 g6 16. Qd3 b5 17. c4 Rab8 18. Qc2 b4 19. a4 Nh5 20. Rf1 Bh6 21. Ne1 Rf8 22. Bh3 Ndf6 23. f4 Bc8 24. Bxc8 Qxc8 25. fxe5 Qh3 26. Ng2 Ng4 27. Nf3 Rbe8 28. Rae1 dxe5 29. Bc1 Bxc1 30. Qxc1 f5 31. Qg5 fxe4 32. Qh4 Qxh4 33. Nfxh4 Rxf1+ 34. Rxf1 Rf8 35. Rxf8+ Kxf8 36. h3 Ngf6 37. Kf2 Ng7 38. Ne3 Ke7 1/2-1/2